000 00636nam a2200217Ia 4500
008 191130s1984##################000#0#eng##
020 _a898593506
022 _a84001576
040 _aACL
_cACL
082 _a152.4 SCH
245 _aApproaches to emotion
_cedited by Klaus R. Scherer, Paul Ekman
260 _aHillsdale, N.J
_bL. Erlbaum Associates
_c1984
300 _axii, 426 p. : ill. ; 24 cm
500 _aIncludes bibliographical references and index
650 _aEmotions
700 _aEkman, Paul
700 _aScherer, Klaus R
990 _a7601c908ac10000c2aada73e64bfcb14
991 _a188913
999 _c372261
_d372261